| 000 | 00714nam a2200241 a 4500 | ||
|---|---|---|---|
| 001 | 9972 | ||
| 003 | CO-ViMGA | ||
| 008 | 141112s2004 ck r 000 u spa d | ||
| 020 | _a9582808799 | ||
| 040 |
_aCO-ViMGA _bspa _cCO-ViMGA |
||
| 082 | 0 | 4 | _a155.3 G71m |
| 100 | 1 |
_aGray ; John, _912257 |
|
| 245 | 1 | 0 |
_aMarte y Venus en la cama : _bHacia una sexualidad plena |
| 260 |
_aSantafé de Bogotá : _bCirculo de Lectores, _c1996 |
||
| 300 | _a206p. | ||
| 650 | 1 | 4 |
_aANATOMIA SEXUAL _912258 |
| 650 | 1 | 4 |
_aCONFIANZA SEXUAL _912259 |
| 650 | 1 | 4 |
_aMANTENER VIVA LA MAGIA DEL ROMANCE _912260 |
| 650 | 1 | 4 |
_aMONOGAMIA APASIONADA _912261 |
| 650 | 1 | 4 |
_aSEXO ORAL _912262 |
| 650 | 1 | 4 |
_aSEXO Y PASION _912263 |
| 942 |
_2ddc _cBK |
||
| 999 |
_c21349 _d21349 |
||